Normal view
MARC view
Entry Personal Name
001 - CONTROL NUMBER
- control field: 7135
003 - CONTROL NUMBER IDENTIFIER
- control field: TZ-ArACH
005 - DATE AND TIME OF LATEST TRANSACTION
- control field: 20121207103813.0
008 - FIXED-LENGTH DATA ELEMENTS
- fixed length control field: 121207|||a|||||| | ||| d
040 ## - CATALOGING SOURCE
- Original cataloging agency: TZ-ArACH
- Transcribing agency: TZ-ArACH
100 ## - HEADING--PERSONAL NAME
- Personal name: Starkey, Hugh.
670 ## - SOURCE DATA FOUND
- Source citation: Work cat.: (TZ-ArACH)892: Osler, Audrey. 7133, Teachers and human rights education /, 2010.
670 ## - SOURCE DATA FOUND
- Source citation: Work cat.: (TZ-ArACH)892: Osler, Audrey. 7133, Teachers and human rights education /, 2010.
